000 00265nam a22001097a 4500
008 170116b xxu||||| |||| 00| 0 eng d
020 _a9780781789820
041 _aeng
080 _25th
_a618.2
245 _aFOCUS ON NURSIGN PHARMACOLOGY
_cKARCH, A.M
942 _2udc
_cBK
999 _c2960
_d2960